MARC

LEADER 00000nam0a2200000 4500
001 333934
005 20231102004614.0
010 |a 0194533646 
035 |a (RuTPU)RU\TPU\book\359950 
035 |a RU\TPU\book\277173 
090 |a 333934 
100 |a 20170704d2009 m y0engy50 ba 
101 0 |a eng 
102 |a GB 
105 |a a j 000zy 
200 1 |a Knockout. First Certificate  |e Student's book  |f P. May 
210 |a Oxford  |c Oxford University Press  |d 2009 
215 |a 190 p.  |c il. 
606 1 |a Английский язык  |x Учебные руководства и пособия  |x Учебные руководства и пособия для высшей школы  |2 stltpush  |3 (RuTPU)RU\TPU\subj\29071  |9 52483 
610 1 |a лексика 
610 1 |a грамматика 
610 1 |a разговорная речь 
610 1 |a упражнения 
610 1 |a сертификаты 
686 |a Ш143.21-923  |v LBC/SL-A  |2 rubbk 
700 1 |a May  |b P.  |g Peter 
801 1 |a RU  |b 63413507  |c 20120424 
801 2 |a RU  |b 63413507  |c 20221209  |g RCR 
942 |c BK